SSBU - Mario Moveset - Statistics

General Stats
  • This quiz has been taken 8 times
  • The average score is 4 of 26
Answer Stats
Hint Answer % Correct
Neutral Attack Jab
80%
Side Special Cape
60%
Neutral Special Fireball
60%
Down Special F.L.U.D.D.
40%
Final Smash Mario Finale
40%
Up Special Super Jump Punch
40%
Grab Grab
20%
Up Smash Lead Headbutt
20%
Down Aerial Mario Tornado
20%
Dash Attack Sliding
20%
Up Tilt Uppercut
20%
Back Throw Airplane Swing
0%
Up Aerial Air Slash
0%
Down Smash Break Spin
0%
Back Aerial Drop Kick
0%
Forward Smash Fire Palm Heel
0%
Pummel Grab Headbutt
0%
Kick Up
0%
Neutral Aerial Mario Kick
0%
Forward Aerial Meteor Knuckle
0%
Forward Tilt Middle Kick
0%
Down Tilt Spinning Low Kick
0%
Straight
0%
Forward Throw Swing-Around Throw
0%
Down Throw Throw Down
0%
Up Throw Throw Up
0%
No matching quizzes found
Score Distribution
Percent of People with Each Score
Percentile by Number Answered
Your Score History
You have not taken this quiz